| 000 | 00856nam a2200205Ii 4500 | ||
|---|---|---|---|
| 003 | JO-AjNU | ||
| 008 | 230605s9999||||xx |||||||||||||| ||und|| | ||
| 040 |
_aJO-AjNU _bara _erda _cJO-AjNU |
||
| 041 | _aara | ||
| 050 | 1 | 4 | _aLB1139.25.E812 2004 |
| 100 | 3 |
_aعيسى،إيفال مؤلف/الشافعي،أحمد حسين أحمد مترجم/منصور،رشد فام مراجع/جمل،محمد جهاد مراجع, _eauthor _922398 |
|
| 245 | 0 | 0 | _aمدخل إلى التعليم في الطفولة المبكرة=Introduction To Early Childhood Education |
| 250 | _aط1 | ||
| 264 | 3 | 1 | _aالعين:دار الكتابي الجامعي،2004 |
| 300 | _a553ص | ||
| 336 |
_atext _btxt _2rdacontent |
||
| 337 |
_aunmediated _bn _2rdamedia |
||
| 338 |
_avolume _bnc _2rdacarrier |
||
| 650 | 4 |
_a تعليم الأطفال-تربية الأطفال _922399 |
|
| 999 |
_aA7943 _c11511 _d11511 |
||